000 00315 a2200145 4500
001 155497
040 _cEscola São Tomás de Aquino
100 _aAMARAL, Emília
240 1 0 _aNovas palavras
_lpor
245 1 0 _aNovas palavras
300 _a512
362 0 _a2010
697 _aLíngua portuguesa
942 _cBK
999 _c155497
_d155497